| 000 | 00591nam a2200217Ia 4500 | ||
|---|---|---|---|
| 003 | OSt | ||
| 005 | 20250115162635.0 | ||
| 008 | 210707s1980 xx 000 0 und d | ||
| 040 | _cAL | ||
| 041 | _aeng | ||
| 082 | _a361.954 SHAS | ||
| 100 |
_aSHARMA (Ram Nath) _9193595 |
||
| 245 | _aSocial Disorganisation and Social Problems | ||
| 260 |
_aMeerut _bRajhans Prakashan Mandir _c1980 |
||
| 300 | _aviii,402 p | ||
| 365 |
_b20 _cINR |
||
| 563 | _aHB | ||
| 650 |
_aIndian Social Problems _9193596 |
||
| 906 | _aIndian social problems Social disorganisation in India | ||
| 942 |
_2ddc _cBB |
||
| 999 |
_c180231 _d180231 |
||